000 00650cam a2200229 i 4500
001 2705576
005 20180307070120.0
008 760123s1976 nyua b 001 0 eng
010 _a 76002407
020 _a0070472564
040 _aDLC
_cDLC
_dDLC
041 _aeng
080 _a624/.171 norr
082 0 0 _a624/.171 norr
100 1 _a27
101 _amec
245 1 0 _aElementary structural analysis /
_cCharles Head Norris, John Benson Wilbur, Senol Utku.
504 _aIncludes bibliographical references and indexes.
740 0 _aStructural analysis.
906 _a7
_bcbc
_corignew
_d1
_eocip
_f19
_gy-gencatlg
942 _2ddc
_cBK
999 _c44285
_d44285